00717nam a22001937a 450000500170000001000150001702000270003203500140005903700130007308200100008610000150009624501010011126000380021227000660025030000400031694200240035699900190038095201240039920170515111815.0 aENG-118138 a9789386016003c1295.00 aEN-101670 bDBAD/PUB a577.3 aM.M.Rathod aFloristic ecology and phytogeography /bCase study of patandevi forest maharastracby M.M.Rathod aDelhibCHANDRALOK PRAKASHANc2016 a132, 'Shivram Kripa' ,Mayur Park, Basant Vihar, Kanpur-208021 a216p. (colour pictures)c22cm. (Hb) 2ddccENh577.3mRAT c139844d139844 001040718NFICaDBADbBNd2017-05-15eDBAD/PUBg1295.00l0o577.3 RATpEN-101670r2017-05-15 00:00:00t1v1295.00yEN